zpět

Detail výsledku týmu

Smíchovská Tankovna, Benešov

Datum a čas kvízu

1 Celkem bodů Celkový počet nahraných bodů na tomto kvízu bez doplňovacích otázek.
12. Pořadí na kvízu Konečné umístění týmu na tomto kvízu.

Zaznamenané odpovědi

# Otázka Odpověď Body Výsledky
1. Jak se jmenuje hejtman, který... Jan Krkoška, Moravskoslezský kraj 0
2. Ve středu byl zveřejněn žebříč... Finsko 0
3. Ve středu začal v pražské Luce... Jeden svět 0
4. V minulém týdnu probíhal v Brn... Amper 0
5. V pondělí byla představena kol... z (křišťálového) skla 0
6. Toto literární téma vyhrálo mi... Malý princ 0
7. Děj knihy se odehrává během tř... Kdo chytá v žitě, J. D. Salinger 0
8. Přiřaďte klasická díla ruské l... 1B 2D 3A 4C 0
9. Jedna z nejprodávanějších knih... Anne Frank 0
10. Na závěr se zaměříme na novějš... Hvězdy nám nepřály 0